[Event "Ricany op"]
[Site "Ricany"]
[Date "2023.08.30"]
[Round "6"]
[White "Dejmek, Tomas"]
[Black "Vajdik, Josef"]
[Result "0-1"]
[WhiteElo "1626"]
[BlackElo "1377"]
[PlyCount "48"]
[EventDate "2023.08.26"]
[EventType "swiss"]
[EventRounds "9"]
[EventCountry "CZE"]
[SourceTitle "EXT 2024"]
[Source "ChessBase"]
[SourceDate "2023.10.10"]
[SourceVersion "1"]
[SourceVersionDate "2023.10.10"]
[SourceQuality "1"]

1. d4 d5 2. c4 e6 3. Nc3 Nf6 4. Bg5 Be7 5. Nf3 0-0 6. cxd5 exd5 7. e3 Nbd7 8. Bd3 b6 9. 0-0 Bb7 10. Qc2 h6 11. Bf4 a6 12. Rac1 c5 13. Rfd1 c4 14. Be2 b5 15. b3 b4 16. Na4 c3 17. Ne5 Re8 18. f3 Nh5 19. Qf5 Ndf6 20. Ng4 Nxf4 21. Nxf6+ Bxf6 22. Qxf4 Bg5 23. Qf5 Bxe3+ 24. Kh1 Qh4 0-1

[Event "Ricany op"]
[Site "Ricany"]
[Date "2023.08.29"]
[Round "5"]
[White "Meca, Viktor"]
[Black "Vajdik, Josef"]
[Result "1/2-1/2"]
[WhiteElo "1755"]
[BlackElo "1377"]
[PlyCount "52"]
[EventDate "2023.08.26"]
[EventType "swiss"]
[EventRounds "9"]
[EventCountry "CZE"]
[SourceTitle "EXT 2024"]
[Source "ChessBase"]
[SourceDate "2023.10.10"]
[SourceVersion "1"]
[SourceVersionDate "2023.10.10"]
[SourceQuality "1"]

1. e4 c5 2. Nf3 e6 3. d4 cxd4 4. Nxd4 a6 5. Nc3 b5 6. a3 Qc7 7. Be2 Bb7 8. 0-0 Nf6 9. Bf3 d6 10. Re1 Nbd7 11. g3 Be7 12. a4 bxa4 13. Nxa4 0-0 14. b3 Nc5 15. e5 dxe5 16. Bxb7 Nxb7 17. Nf3 e4 18. Ng5 Qc6 19. Qe2 Bb4 20. c3 Bxc3 21. Nxc3 Qxc3 22. Ba3 Rfe8 23. Nxe4 Nxe4 24. Qxe4 Nc5 25. Bxc5 Qxc5 26. Rec1 Qb6 1/2-1/2

[Event "Prague Menchik Memorial Rapid"]
[Site "Prague"]
[Date "2021.09.28"]
[Round "7"]
[White "Groh, Jiri1111"]
[Black "Vajdik, Josef"]
[Result "1/2-1/2"]
[WhiteElo "1998"]
[BlackElo "1271"]
[PlyCount "40"]
[EventDate "2021.09.28"]
[EventType "swiss (rapid)"]
[EventRounds "9"]
[EventCountry "CZE"]
[SourceTitle "CBM 204 Extra"]
[Source "ChessBase"]
[SourceDate "2021.11.30"]
[SourceVersion "1"]
[SourceVersionDate "2021.11.30"]
[SourceQuality "1"]

1. Nf3 Nf6 2. c4 c5 3. g3 e6 4. Bg2 d5 5. d4 Nc6 6. cxd5 exd5 7. 0-0 Be7 8. Nc3 Be6 9. dxc5 Bxc5 10. Ng5 0-0 11. Nxe6 fxe6 12. e4 d4 13. Ne2 Qb6 14. Bg5 h6 15. Bxf6 Rxf6 16. Nf4 Rd8 17. Bh3 Ne5 18. Qh5 Qd6 19. Rac1 Bb6 20. Rfd1 Rdf8 1/2-1/2

[Event "Prague Menchik Memorial Rapid"]
[Site "Prague"]
[Date "2021.09.28"]
[Round "5"]
[White "Vajdik, Josef"]
[Black "Weissbeck, Simon"]
[Result "0-1"]
[WhiteElo "1271"]
[BlackElo "2048"]
[PlyCount "48"]
[EventDate "2021.09.28"]
[EventType "swiss (rapid)"]
[EventRounds "9"]
[EventCountry "CZE"]
[SourceTitle "CBM 204 Extra"]
[Source "ChessBase"]
[SourceDate "2021.11.30"]
[SourceVersion "1"]
[SourceVersionDate "2021.11.30"]
[SourceQuality "1"]

1. e4 e6 2. d4 d5 3. Nc3 Nf6 4. e5 Nfd7 5. Nf3 c5 6. Be3 Nc6 7. Bb5 a6 8. Bxc6 bxc6 9. 0-0 cxd4 10. Bxd4 c5 11. Be3 d4 12. Bxd4 cxd4 13. Qxd4 Be7 14. Qg4 0-0 15. Rad1 Qc7 16. Rfe1 Bb7 17. Ne4 Bxe4 18. Qxe4 Rfd8 19. Re2 Nc5 20. Rxd8+ Rxd8 21. Qc4 Qb6 22. b4 Na4 23. c3 Qb5 24. Qe4 Nxc3 0-1